00354nam a2200121 a 450000500170000000800410001705000230005810000160008124500390009725000160013626000500015265000300020220140412111413.0070717s19uu xx 00 eng d aM 242.62bH55 2005 aHill, Karen aAll god's creatures /cKaren Hill. a1st edition aNew York :bLittle simon inspirations,c2005. aAnimals-religious aspects